Southeast Asian affairs 1996

Na minha lista:
Detalhes bibliográficos
Autor Corporativo: Institute of Southeast Asian Studies
Formato: Livro
Idioma:Undetermined
Publicado em: Singapore Institute of Southeast Asian Studies 1996
Tags: Adicionar Tag
Sem tags, seja o primeiro a adicionar uma tag!
Thư viện lưu trữ: Trung tâm Học liệu Trường Đại học Cần Thơ
LEADER 00502nam a2200169Ia 4500
001 CTU_110927
008 210402s9999 xx 000 0 und d
082 |a 959.05 
082 |b S727 
110 |a Institute of Southeast Asian Studies 
245 0 |a Southeast Asian affairs 1996 
245 0 |c Institute of Southeast Asian Studies 
260 |a Singapore 
260 |b Institute of Southeast Asian Studies 
260 |c 1996 
904 |i Giang 
980 |a Trung tâm Học liệu Trường Đại học Cần Thơ